Theory and applications of ultraviolet spectroscopy (Record no. 20486)

MARC details
000 -LEADER
fixed length control field 00367nam a2200133Ia 4500
082 ## - DEWEY DECIMAL CLASSIFICATION NUMBER
Classification number 535.243
Item number JAF
100 ## - MAIN ENTRY--AUTHOR NAME
Personal name Jaffe, H H
245 #0 - TITLE STATEMENT
Title Theory and applications of ultraviolet spectroscopy
260 ## - PUBLICATION, DISTRIBUTION, ETC. (IMPRINT)
Place of publication New York
Name of publisher John Wiley
Year of publication 1962
650 ## - SUBJECT ADDED ENTRY--TOPICAL TERM
Topical Term Ultraviolet spectroscopy
700 ## - ADDED ENTRY--PERSONAL NAME
Personal name Orchin, Milton
942 ## - ADDED ENTRY ELEMENTS (KOHA)
Koha item type Books
Holdings
Withdrawn status Lost status Damaged status Not for loan Home library Current library Date acquired Cost, normal purchase price Full call number Accession Number Koha item type
        RRII Library RRII Library 16/12/2021 15.00 535.243 JAF 01211 Books